Statistics for Countries smaller than Rhode Island

Click here to take the quiz!

General Stats

  • This quiz has been taken 15 times
  • The average score is 22 of 29

Answer Stats

HintAnswer% Correct
0.49 kmVatican City
92%
2.02 kmMonaco
92%
20.98 kmNauru
92%
316 kmMalta
92%
617 kmSaint Lucia
85%
61.2 kmSan Marino
85%
160 kmLiechtenstein
85%
269.4 kmSaint Kitts and Nevis
85%
297.8 kmMaldives
85%
468 kmAndorra
85%
2842 kmSamoa
85%
458.4 kmPalau
85%
2590 kmLuxembourg
85%
348.5 kmGrenada
77%
747 kmTonga
77%
721.5 kmSingapore
77%
431 kmBarbados
69%
750 kmDominica
69%
811 kmKiribati
69%
181.3 kmMarshall Islands
69%
1000 kmSão Tomé and Príncipe
69%
1660 kmComoros
69%
2040 kmMauritius
69%
459 kmSeychelles
69%
765.3 kmBahrain
69%
25.9 kmTuvalu
62%
440 kmAntigua and Barbuda
54%
2700 kmMicronesia
54%
389 kmSaint Vincent and Grenadines
15%

Score Distribution

Percentile by Number Answered

Percent of People with Each Score

Your Score History

You have not taken this quiz